Statistiken für Schnelle Mathematik - Zahlen Level 02

Klicken Sie hier um das Quiz zu spielen!

Allgemein

  • Dieses Quiz wurde 191 mal gespielt
  • Das Durchschnittsergebnis liegt bei 10 aus 10

Antwortstatistiken

Nummer% Korrekt
10
99%
1
97%
8
97%
9
97%
2
96%
3
96%
4
96%
5
96%
6
96%
7
96%

Verteilung der Resultate

Perzentil nach korrekt beantworteten Fragen

Anzahl Personen mit jedem Resultat

Ihre Resultats-Entwicklung

Sie haben dieses Quiz noch nicht gespielt